|
|
|
|
| LEADER |
00000nam a2200000Ii 4500 |
| 001 |
DIGUAZUAY0107 |
| 003 |
NyNyDIG |
| 006 |
m o d |
| 007 |
cr ||||||||||| |
| 008 |
250103s2020 ec a o 000 j spa d |
| 035 |
|
|
|a (OCoLC)1491107345
|
| 040 |
|
|
|a DGITA
|b eng
|e rda
|e pn
|c DGITA
|
| 020 |
|
|
|a 9789942822734
|q eBook
|
| 020 |
|
|
|z 9789942822703
|
| 050 |
1 |
4 |
|a PQ8220.423.O74 ebook
|
| 100 |
1 |
|
|a Moreno, Alexandra,
|e author.
|
| 245 |
1 |
0 |
|a Julián en El Barranco /
|c Alexandra Moreno.
|
| 250 |
|
|
|a Segunda edición.
|
| 264 |
|
1 |
|a [Cuenca, Ecuador] :
|b Universidad del Azuay, Casa Editora,
|c [2020]
|
| 300 |
|
|
|a 1 online resource :
|b illustrations.
|
| 336 |
|
|
|a still image
|b sti
|2 rdacontent
|
| 337 |
|
|
|a computer
|b c
|2 rdamedia
|
| 338 |
|
|
|a online resource
|b cr
|2 rdacarrier
|
| 347 |
|
|
|a text file
|2 rdaft
|
| 347 |
|
|
|b PDF
|
| 490 |
1 |
|
|a Litterae
|
| 588 |
0 |
|
|a Online resource; title from PDF title page (Digitalia, viewed January 3, 2025)
|
| 655 |
|
7 |
|a Short stories.
|2 lcgft
|
| 791 |
2 |
|
|a Digitalia (Firm),
|e distributor.
|
| 793 |
0 |
|
|g Digitalia eBook Collection:
|a Universidad del Azuay
|
| 776 |
0 |
8 |
|i Print version:
|a Moreno, Alexandra.
|t Julián en El Barranco.
|b Segunda edición.
|d [Cuenca, Ecuador] : Universidad del Azuay, Casa Editora, [2020]
|z 9789942822703
|
| 830 |
|
0 |
|a Litterae (Cuenca, Ecuador)
|
| 856 |
4 |
0 |
|3 Digitalia Hispánica
|u https://www.digitaliapublishing.com/a/133491/
|
| 910 |
|
|
|a Premium collection: 2025
|